000 00467nam a2200181Ia 4500
001 18936
005 20260306171707.0
008 260306s9999||||xx |||||||||||||| ||und||
041 _aESP
082 _a658.562
_bI79 1997
100 _aIshikawa, Kaoru
_eAUT
245 0 _a¿Qué es el control total de calidad?:
_bla modalidad japonesa
260 _c1997
300 _axxi, 261 páginas :
_c18 cm.
650 _aGEN
654 _aCAN
942 _cLIB
_dJUS
_fJUS
_2ddc
_n
999 _c18936
_d18936